| 000 | 01465nam a2200313 4500 | ||
|---|---|---|---|
| 001 | 0000022621 | ||
| 003 | CO-CtgCURN | ||
| 005 | 20250329191021.0 | ||
| 007 | ta | ||
| 008 | 160627s2006 000 0 eng d | ||
| 020 | _a9589759661 | ||
| 040 |
_aCO-CtgCURN _bspa _ccoctgcurn |
||
| 082 | 0 |
_a333.72 _bD56h |
|
| 110 | 2 | _aColombia. Departamento Nacional de Planeacion. | |
| 245 | 1 | 0 |
_aHacia una Colombia quitativa e incluyente : _binforme de Colombia objetos de desarrollo del milenio 2005 ! Carolina Renteria, Santiago Montenegro. |
| 260 |
_aBogotá : _bGente Nueva Editorial, _c2006. |
||
| 300 | _a233 p. | ||
| 336 | _2rdacontent | ||
| 337 |
_2rdamedia _asin mediacion _bn |
||
| 338 |
_2rdacarrier _avolumen _bnc |
||
| 500 | _aIncluye glosario\indice. | ||
| 505 | 8 | _aLa pobreza en colombia.--Los medios de la pobreza.--Situacion urbana y rural.--La erradicacion de la pobreza como meta del milenio.--Reducir a la mitad el hambre en colombia.--Diagnostico y tendencias.--El problema del hambre en colombia.--Mortalidad materna.--Atencion prenatal.--Uso de metodos anticonseptivos modernos.--Embarazo en adolescentes.--Cancer de cuello uterino | |
| 650 | 1 | 4 |
_aInformes cientificos _vManuales. |
| 700 | 1 |
_aRenteria, Carolina _aMontenegro, Santiago. |
|
| 908 | _a160627 | ||
| 942 |
_cBK _h333.72 _iD56h _2ddc |
||
| 999 |
_c11283 _d11283 |
||